000 00463nam a2200157 i 4500
001 100706
003 ES-MaACL
005 20230906182729.0
007 t|
008 051004s1970 sp ||||1| spa d
100 1 _aMateos, Francisco.
_978974
245 1 0 _aSurco y flor
_b: San Pedro del Barco /
_cFrancisco Mateos.
260 _aAvila :
_bEl Diario de Avila,
_c1970.
300 _a106 p. con 5 lám. :
_bil. ;
_c24 cm.
852 _aES-MaACL
_jC-44044
_bR.74364
999 _c100706
_d100706